| 000 | 00505nam a22001697a 4500 | ||
|---|---|---|---|
| 003 | BD-DhUL | ||
| 005 | 20171106111021.0 | ||
| 008 | 171105s1355 af ||||| |||| 00| 0 per d | ||
| 040 |
_aBD-DhUL _cBD-DhUL |
||
| 082 |
_a891.5508 _bMAG |
||
| 100 | 0 | _aمخدوم رھین | |
| 245 | 0 |
_aگزیدہ اثار سید جمال الدین افغانی / _cمخدوم رھین |
|
| 260 |
_aکابل : _b، _c۔۱۳۵۵ |
||
| 300 |
_aص۔ ۱۵۴ ؛ _c۲۴ سم۔ |
||
| 650 | 0 | _aPersian literature | |
| 942 |
_2ddc _cBK |
||
| 999 |
_c231770 _d231770 |
||